| 000 | 00753pam a2200229 a 4500 | ||
|---|---|---|---|
| 020 | _a0803996667 (U.S.) | ||
| 020 | _a8170362210 (India) | ||
| 040 | _cDLC | ||
| 082 | 0 | 0 | _a350 SAG 1991 A070 Or. |
| 100 | 1 | _aUphoff, Norman Thomas. | |
| 245 | 1 | 0 |
_aManaging irrigation : _banalyzing and improving the performance of bureaucracies / |
| 260 |
_aNew Delhi ; _aNewbury Park : _bSage Publications, _c1991. |
||
| 300 |
_a263 p. : _bill. ; _c22 cm. |
||
| 650 | 0 | _aIrrigation | |
| 650 | 0 | _aIrrigation | |
| 650 | 0 | _aBureaucracy | |
| 700 | 1 | _aRamamurthy, Priti. | |
| 700 | 1 | _aSteiner, Roy. | |
| 856 | 4 | 2 | _uhttp://www.loc.gov/catdir/enhancements/fy0657/90045565-d.html |
| 856 | 4 | 1 | _uhttp://www.loc.gov/catdir/enhancements/fy0657/90045565-t.html |
| 942 | _cEK | ||
| 999 |
_c14817 _d14817 |
||